Understanding early years policy

Guardat en:
Dades bibliogràfiques
Autor principal: FITZGERALD, Damien. Kay, Janet
Format: Llibre
Idioma:anglès
Publicat: SAGE 2016
Etiquetes: Afegir etiqueta
Sense etiquetes, Sigues el primer a etiquetar aquest registre!

MARC

LEADER 00000nam a22000007a 4500
008 210119b ||||| |||| 00| 0 eng d
020 |a 978-1-4129-6190-5 
100 |a FITZGERALD, Damien.  |a Kay, Janet 
245 |a Understanding early years policy  |c Damien Fitzgerald, & Janet Kay  |g xv, 189p 
250 |b 4TH 
260 |b SAGE  |c 2016  |h Los Angeles  |i 692228  |i 692229  |l LB1139.3 .G7F57  |m Early childhood education – Great Britain  |m Early childhood education – Law and legislation – Great Britain 
500 |a “It includes bibliographical references and index”. 
942 |a lcc  |c BK  |e O.A.JOHNSON  |f 19/12/21 
952 |0 0  |1 0  |2 lcc  |4 0  |6 LB11393 G7 F57  |7 0  |9 1195  |a ED  |b HOL  |d 2021-01-19  |l 0  |o LB1139.3 .G7F57  |p 2021-0016  |r 2021-01-19 00:00:00  |w 2021-01-19  |y BK 
952 |0 0  |1 0  |2 lcc  |4 0  |6 LB11393 G7 F57  |7 0  |9 1196  |a HOL  |b HOL  |d 2021-01-19  |l 0  |o LB1139.3 .G7F57  |p 2021-0017  |r 2021-01-19 00:00:00  |w 2021-01-19  |y BK 
999 |c 630  |d 630